000 00391pab a2200169 454500
008 180718b2003 xxu||||| |||| 00| 0 eng d
100 _aWang, Ning
245 _aCoarse on the nature of economics
260 _c2003
300 _ap.807-29.
362 _aNov
650 _aRonald
650 _aCoase
650 _aEconomics
773 _aCambridge Journal of Economics
909 _a58940
999 _c58940
_d58940